00491 2200169 4500001002100000005001700021035002400038090002000062100001200082245009600094260003000190300002800220650002300248850001200271990001800283990002000301YOGYA00000000004634520161115093103.0 0010-081400000046063 aDEP 321.8 mur F aMurtono aFilsafat pancasila p-4 dan aspek pengamalanya GBHN filsafat manusia filsafat hukumcMurtono aYogyakartabLibertyc1980 a108 hlm.bilus.c21 cm. aFilsafat pancasila aYOPDYOG a075 / 17353-P aCB-D.11/1980-75